Statistiques concernant Les 100 meilleurs joueurs d'EA Sports FC 24

Cliquez ici pour prendre le quiz!

Statistiques générales

  • Ce quiz a été pris 1 008 fois
    (502 depuis la dernière actualisation)
  • Le résultat moyen est 54 sur 100

Statistiques - réponses

#JoueurClub/NationGENPoste% Correct
1Kylian Mbappé 91BU
100%
3Erling Haaland 91BU
96%
4Kevin De Bruyne 91MC
94%
6Lionel Messi 90AC
94%
8Karim Benzema 90AC
89%
10Harry Kane 90BU
87%
13Mohamed Salah 89AD
87%
12Robert Lewandowski 90BU
87%
67Pedri 86MC
86%
9Thibaut Courtois 90G
86%
19Neymar 89AG
85%
17Vinícius Júnior 89AG
84%
18Rodri 89MDC
83%
95Cristiano Ronaldo 86BU
81%
29Antoine Griezmann 88BU
80%
21Marc-André Ter Stegen 89G
80%
16Rúben Dias 89DC
79%
22Virgil van Dijk 89DC
79%
23Alisson Becker 89G
76%
33Bernardo Silva 88MC
76%
46Frenkie de Jong 87MC
76%
44Luka Modrić 87MC
76%
51Mike Maignan 87G
76%
27Bruno Fernandes 88MOC
75%
25Casemiro 89MDC
74%
36Ederson Moraes 88G
74%
56Heung-min Son 87AG
74%
34Federico Valverde 88MC
73%
59Gianluigi Donnarumma 87G
73%
38Joshua Kimmich 88MDC
72%
64Bukayo Saka 86AD
71%
47Lautaro Martínez 87BU
71%
54Marquinhos 87DC
71%
50Martin Ødegaard 87MOC
71%
90N'Golo Kanté 86MDC
71%
85Sadio Mané 86AC
71%
39Jan Oblak 88G
70%
60Manuel Neuer 87G
70%
61Ousmane Dembélé 86AD
70%
30Victor Osimhen 88BU
70%
65Jude Bellingham 85MC
69%
66Rafael Leão 86AG
69%
86Toni Kroos 86MC
69%
71Riyad Mahrez 86MD
67%
93Marco Verratti 86MC
66%
76Ronald Araújo 86DC
65%
2Alexia Putellas 91MC
64%
96Trent Alexander-Arnold 86DD
64%
82Andrew Robertson 86DG
63%
88Éder Militão 86DC
63%
94João Cancelo 86DG
62%
77Paulo Dybala 86AC
62%
78İlkay Gündoğan 86MC
61%
7Sam Kerr 90BU
61%
69Matthijs de Ligt 86DC
59%
74Nicolò Barella 86MC
57%
70Sandro Tonali 86MDC
57%
89Christopher Nkunku 86AC
56%
28Wendie Renard 88DC
56%
73Jamal Musiala 86MOC
54%
83Dani Parejo 86MC
53%
55Gregor Kobel 87G
50%
80Sergej Milinković-Savić 86MC
50%
41Marie-Antoinette Katoto 88BU
44%
20Alex Morgan 89BU
39%
5Aitana Bonmatí 90MC
38%
14Kadidiatou Diani 89AD
38%
84Sakina Karchaoui 86DG
38%
11Caroline Graham Hansen 90AD
37%
81Khvicha Kvaratskhelia 86AG
37%
24Ada Hegerberg 89BU
35%
31Alexandra Popp 88BU
35%
99Wojciech Szczęsny 86G
33%
45Lucy Bronze 87DD
31%
62Selma Bacha 86DG
31%
43Fridolina Rolfö 87DG
26%
72Grace Geyoro 86MC
24%
26Irene Paredes 88DC
24%
40Christiane Endler 88G
23%
15Mapi León 89DC
23%
35Sophia Smith 88BU
23%
32Debinha88MOC
21%
52Lena Oberdorf 87MDC
21%
48Beth Mead 87AD
19%
49Ewa Pajor 87BU
18%
53Lina Magull 87MOC
18%
91Kim Little 86MC
17%
63Mary Earps 86G
17%
97Ashley Lawrence 86DD
15%
37Guro Reiten 88AG
15%
58Sandra Paños 87G
15%
68Lauren Hemp 86AG
14%
42Patri Guijarro 88MC
12%
57Rose Lavelle 87MOC
11%
87Lindsey Horan 86MC
10%
100Cristiana Girelli 86BU
8%
75Jill Roord 86MOC
7%
79Vivianne Miedema 86BU
7%
92Lea Schüller 86BU
6%
98Mallory Swanson 86AG
6%

Distribution des résultats

Percentile par nombre de réponses

% des personnes avec chaque résultat

Votre développement - résultats

Vous n’avez pas pris ce quiz depuis la dernière actualisation